000 00503nam a2200193Ia 4500
003 OSt
005 20250806103256.0
008 210719s1975 xx 000 0 und d
040 _cAL
041 _aKannada
082 _aK894.1 RAGV
100 _aRAGHAVANKA
_dರಾಘವಂಕ
_9234187
245 _aViresha charite.
_bವಿರೇಶ ಚರಿತೆ
260 _aMaisuru
_bSharada Mandira
_c1975
300 _a100
_bPB
365 _b5
_cRs
650 _aKannada Poetry
_9234188
942 _2ddc
_cBK
999 _c213067
_d213067